00653cam a22002291 4500001001300000003000400013005001700017008004100034010001700075035002000092040002100112042001200133050001800145100002700163245004400190260008400234300002100318440002100339500002500360752002100385999001700406he 68000683 DLC20260227111454.0840307s1967 is 000 1 heb  ahe 68000683  a(OCoLC)19159057 aDLCcMHdCUdDLC apremarc00aPJ5054.K3bS51 aKadari, Shraga,d1907-10aShezufe ha-leḥi ha-aḥat :bsipurim. a[Tel Aviv] :bAgudat ha-sofrim be-Yiśraʼel le-yad Hotsaʼat Masadah,c[1967] a192 p. ;c23 cm. 0aSifriyat maḳor aAdded t.p.: Stories. aIsraeldTel Aviv c33027d33027